[Event "BRA Amateur-ch U1800"]
[Site "Sao Paulo"]
[Date "2022.11.05"]
[Round "6"]
[White "Canonico, Rodrigo"]
[Black "Pereira, Justino Junior"]
[Result "1/2-1/2"]
[WhiteElo "1709"]
[BlackElo "1800"]
[PlyCount "67"]
[EventDate "2022.11.03"]
[EventType "swiss"]
[EventRounds "7"]
[EventCountry "BRA"]
[SourceTitle "CBM 211 Extra"]
[Source "ChessBase"]
[SourceDate "2023.01.31"]
[SourceVersion "1"]
[SourceVersionDate "2023.01.31"]
[SourceQuality "1"]

1. e4 c5 2. d4 cxd4 3. c3 Nc6 4. Nf3 e6 5. Bc4 d5 6. exd5 exd5 7. Bb5 Nf6 8. Nxd4 Bd7 9. Nxc6 bxc6 10. Bd3 Be7 11. 0-0 0-0 12. Bg5 Ng4 13. Bf4 f5 14. h3 Nf6 15. Nd2 Ne4 16. Nf3 Bd6 17. Bxd6 Nxd6 18. Ne5 Be8 19. Kh1 Ne4 20. Qe2 Qf6 21. Bxe4 dxe4 22. Nc4 Bf7 23. Ne3 Rfe8 24. a3 h5 25. Rad1 f4 26. Nc2 f3 27. Qe3 fxg2+ 28. Kxg2 Rab8 29. b4 Rb5 30. Kh2 Bb3 31. Rd2 Bc4 32. Rg1 Rbe5 33. Rd7 R5e7 34. Rdd1 1/2-1/2

[Event "BRA Amateur-ch U1800"]
[Site "Sao Paulo"]
[Date "2022.11.04"]
[Round "3"]
[White "Pereira, Justino Junior"]
[Black "De Paula, Lucas Bastos"]
[Result "1/2-1/2"]
[WhiteElo "1800"]
[BlackElo "1657"]
[PlyCount "41"]
[EventDate "2022.11.03"]
[EventType "swiss"]
[EventRounds "7"]
[EventCountry "BRA"]
[SourceTitle "CBM 211 Extra"]
[Source "ChessBase"]
[SourceDate "2023.01.31"]
[SourceVersion "1"]
[SourceVersionDate "2023.01.31"]
[SourceQuality "1"]

1. e4 c6 2. d4 d5 3. exd5 cxd5 4. c4 Nf6 5. Nf3 e6 6. Bg5 Be7 7. Be2 dxc4 8. Bxc4 0-0 9. 0-0 h6 10. Bh4 Nc6 11. Nc3 Na5 12. Bd3 b6 13. Bc2 Bb7 14. Qd3 g6 15. Ne5 Qe8 16. Rfe1 Nc6 17. Re3 Nxe5 18. dxe5 Nd5 19. Bxe7 Nxe3 20. Bxf8 Nxc2 21. Qxc2 1/2-1/2